AH International Schools' Libraries

The Hungry Thing / (Record no. 48947)

MARC details
000 -LEADER
fixed length control field 00424nam a22001217a 4500
008 - FIXED-LENGTH DATA ELEMENTS--GENERAL INFORMATION
fixed length control field 250528b |||||||| |||| 00| 0 eng d
020 ## - INTERNATIONAL STANDARD BOOK NUMBER
International Standard Book Number 9780439275989
100 ## - MAIN ENTRY--PERSONAL NAME
Personal name Jan Slepian
9 (RLIN) 86334
245 ## - TITLE STATEMENT
Title The Hungry Thing /
Statement of responsibility, etc Jan Slepian
260 ## - PUBLICATION, DISTRIBUTION, ETC. (IMPRINT)
Place of publication, distribution, etc New York, Toronto, London, Auckland, Sydney, Mexico City, New Delhi, Hong Kong
Name of publisher, distributor, etc Scholastic INC.
Date of publication, distribution, etc 2001
300 ## - PHYSICAL DESCRIPTION
Extent 32 p
Other physical details col. ill.
Dimensions 7.25 x 0.5 x 9.25 inches
942 ## - ADDED ENTRY ELEMENTS (KOHA)
Source of classification or shelving scheme
Koha item type Book
Holdings
Withdrawn status Lost status Source of classification or shelving scheme Damaged status Not for loan Collection code Home library Current library Shelving location Date acquired Full call number Barcode Date last seen Price effective from Koha item type
          Siem Riep Asian Hope Siem Reap Asian Hope Siem Reap Easy Reading 05/28/2025 E SLE 208218 05/28/2025 05/28/2025 Book

For any Logos Library related questions please contact Miss Art at swongnarasuk@asianhope.org.

For any Asian Hope Library related questions please contact Miss Raza at graza@asianhope.org.

Powered by Koha